00353pab a2200133 454500008004000000100002300040245005700063260000900120300001300129362001100142650001600153700001600169773003400185180718b2013 xxu||||| |||| 00| 0 eng d aKulkarni, Himanshu aPunjab water syndrome: Diagnostics and prescriptions c2013 ap.64-73. a28 Dec aGroundwater aShah, Mihir aEconomic and Political Weekly